Las tablas de Sopetrán / (Record no. 88140)

MARC details
000 -LEADER
campo de control de longitud fija 01020nam a2200253 i 4500
001 - NÚMERO DE CONTROL
campo de control 88140
003 - IDENTIFICADOR DE NÚMERO DE CONTROL
campo de control ES-MaACL
005 - FECHA Y HORA DE LA ÚLTIMA TRANSACCIÓN
campo de control 20250823063045.0
007 - CAMPO FIJO DE DESCRIPCIÓN FÍSICA--INFORMACIÓN GENERAL
campo de control de longitud fija t|
008 - DATOS DE LONGITUD FIJA--INFORMACIÓN GENERAL
campo de control de longitud fija 050103s1929 sp ||||1| spa d
100 1# - ENTRADA PRINCIPAL--NOMBRE DE PERSONA
Nombre de persona Lafuente Ferrari, Enrique,
Fechas asociadas al nombre 1898-1985
9 (RLIN) 69538
245 14 - MENCIÓN DEL TÍTULO
Título Las tablas de Sopetrán /
Mención de responsabilidad, etc. por Enrique Lafuente Ferrari.
260 ## - PUBLICACIÓN, DISTRIBUCIÓN, ETC.
Lugar de publicación, distribución, etc. Madrid :
Nombre del editor, distribuidor, etc. Fototipia de Hauser y Menet,
Fecha de publicación, distribución, etc. 1929.
300 ## - DESCRIPCIÓN FÍSICA
Extensión 27 p., [4] h. de lám. ;
Dimensiones 27 cm.
530 ## - NOTA DISPONIBLE DE FORMULARIO FÍSICO ADICIONAL
Nota de formato físico adicional disponible Disponible en formato digital.
610 24 - PUNTO DE ACCESO ADICIONAL DE MATERIA--NOMBRE DE ENTIDAD CORPORATIVA
Nombre de entidad corporativa o nombre de jurisdicción como elemento de entrada Monasterio de Nuestra Señora de Sopetrán.
9 (RLIN) 172731
650 #7 - PUNTO DE ACCESO ADICIONAL DE MATERIA--TÉRMINO DE MATERIA
Término de materia o nombre geográfico como elemento de entrada Pintura flamenca
Fuente del encabezamiento o término embne
9 (RLIN) 16046
710 2# - ENTRADA AGREGADA--NOMBRE DE ENTIDAD CORPORATIVA
Nombre de entidad corporativa o nombre de jurisdicción como elemento de entrada Hauser y Menet (Madrid)
9 (RLIN) 4558
852 ## - LOCALIZACIÓN
Ubicación ES-MaACL
Número de control de estantería 1745-F-19
Ubicación en estantería Depósito folletos
Nota libre Revisado enlace:06 de Abril de 2025
itemnumber 91369
852 ## - LOCALIZACIÓN
Ubicación ES-MaACL
Número de control de estantería 1725-F-16
Ubicación en estantería Depósito folletos
Nota libre Revisado enlace:06 de Abril de 2025
itemnumber 91368
856 ## - LOCALIZACIÓN Y ACCESO ELECTRÓNICOS
Identificador Uniforme de Recursos <a href="https://patrimoniodigital.castillalamancha.es/es/consulta/registro.do?id=60173">https://patrimoniodigital.castillalamancha.es/es/consulta/registro.do?id=60173</a>
Texto de enlace Biblioteca Digital de Castilla-La Mancha
942 ## - ELEMENTOS DE ENTRADA SECUNDARIOS (KOHA)
Fuente del sistema de clasificación o colocación Clasificación decimal universal
Holdings
Estatus retirado Estado de pérdida Estado de daño No para préstamo Colección Biblioteca de origen Biblioteca actual Ubicación en estantería Fecha de adquisición Fuente de adquisición Total de préstamos Signatura topográfica completa Código de barras Visto por última vez Precio de reemplazo Tipo de ítem Koha
        Colección de folletos Biblioteca del Ateneo de Madrid Biblioteca del Ateneo de Madrid Depósito folletos 17/01/2008     1725-F-16 1092074 23/02/2023 23/02/2023 Folleto
        Colección de folletos Biblioteca del Ateneo de Madrid Biblioteca del Ateneo de Madrid Depósito folletos 17/01/2008     1745-F-19 1092073 23/02/2023 23/02/2023 Folleto